01011nam a2200229Ia 4500003000900000008004100009020001800050040001600068080002500084111009700109245017800206260007300384300001500457490003700472650004100509650002500550700003800575700003500613942000700648999001700655952010900672IN-BaIIA211028s9999 xx 000 0 eng d a0-8194-0157-9 cIIA Library a535(082.1)bSPI-1121 aSociety of Photo-Optical Instrumentation Engineers ConferencecPolandd1989 May 08-12917088 0aInterferometry 89bproceedings of the SPIE held in Warsaw, Poland, on 08-12 May 1989cedited by Zbigniew Jaroszewicz and Maksymilian Pluta  aWashingtonbSociety of Photo-Optical Instrumentation Engineersc1990 axvi, 661p. aSPIE proceedings series; v. 1121 aAstronomy and Astrophysics Thesaurus aInterferometry93249 aJaroszewicz, Zbigniew, ed.917089 aPluta, Maksymilian., ed917090 cBK c10098d10098 00104070aBANbBANcGENd1991-01-04l0o535(082.1)/ SPI-1121p11008r2021-11-05w1991-01-04yBK 96.00